00561nam a22001577a 450000500170000001000150001702000260003203500140005803700130007208200130008510000140009824501610011226000360027327000680030930000260037720180628122906.0 aENG-123225 a9789382630913c995.00 aEN-106757 bDBAD/PUB a658.4092 aRao, M.S. aSoft leadership:cby M.S. Raobacquire leadership ideas and insights on visionary, inspirational and life leadership to stand out as a soft leader globally/ aJaipurbAadi Publicationsc2017 aF-11, S.S. Tower, Dhamani Street, Chaura Rasta,bJaipure302003 a182p.c21cm(Hb)bill.